Online katalóg knižníc regiónu Turca

Vrátim sa živý (Record no. 23465)

MARC details
000 -LEADER
fixed length control field 01453cam a2200457 a 4500
001 - CONTROL NUMBER
control field 23465
003 - CONTROL NUMBER IDENTIFIER
control field VRT
005 - DATE AND TIME OF LATEST TRANSACTION
control field 20260623164614.0
008 - FIXED-LENGTH DATA ELEMENTS--GENERAL INFORMATION
fixed length control field 230403s1961 xo 000 fbslo
015 ## - NATIONAL BIBLIOGRAPHY NUMBER
National bibliography number SNBA1961/05-00863
035 ## - SYSTEM CONTROL NUMBER
System control number SK01SNK19610030678
035 ## - SYSTEM CONTROL NUMBER
System control number urn:nbn:sk:snk-am3h5wy
035 ## - SYSTEM CONTROL NUMBER
System control number urn:nbn:sk:snk-am00cnpi
035 ## - SYSTEM CONTROL NUMBER
System control number 5682CBDE-642B-4BCF-B2AE-57CB85D99557
035 ## - SYSTEM CONTROL NUMBER
System control number SKM000033141
039 #9 - LEVEL OF BIBLIOGRAPHIC CONTROL AND CODING DETAIL [OBSOLETE]
Level of rules in bibliographic description 202304032017
Level of effort used to assign nonsubject heading access points VLOAD
Level of effort used to assign subject headings 202212050950
Level of effort used to assign classification VLOAD
Level of effort used to assign subject headings 202205110857
Level of effort used to assign classification VLOAD
Level of effort used to assign subject headings 201808131459
Level of effort used to assign classification VLOAD
040 ## - CATALOGING SOURCE
Original cataloging agency SNK
Language of cataloging slo
Transcribing agency SNK
Description conventions AACR2
041 0# - LANGUAGE CODE
Language code of text/sound track or separate title slo
044 ## - COUNTRY OF PUBLISHING/PRODUCING ENTITY CODE
MARC country code xo
ISO country code SK
080 ## - UNIVERSAL DECIMAL CLASSIFICATION NUMBER
Universal Decimal Classification number 885.4-3
Edition identifier 1981
100 1# - MAIN ENTRY--PERSONAL NAME
Personal name Krno, Miloš,
Dates associated with a name 1922-2007
Relationship aut
245 10 - TITLE STATEMENT
Title Vrátim sa živý
Statement of responsibility, etc. Miloš Krno
250 ## - EDITION STATEMENT
Edition statement 2. vyd. v SS
260 ## - PUBLICATION, DISTRIBUTION, ETC.
Place of publication, distribution, etc. Bratislava
Name of publisher, distributor, etc. Slovenský spisovateľ
Date of publication, distribution, etc. 1961
Place of manufacture Žilina
Manufacturer Pravda
300 ## - PHYSICAL DESCRIPTION
Extent 294, [4] s.
Dimensions
490 1# - SERIES STATEMENT
Series statement Pôvodná próza
563 ## - BINDING INFORMATION
Binding note 5000 výtl.
600 17 - SUBJECT ADDED ENTRY--PERSONAL NAME
Personal name Nálepka, Ján,
Dates associated with a name 1912-1943
Source of heading or term SNKMA
655 #7 - INDEX TERM--GENRE/FORM
Genre/form data or focus term slovenské romány
Source of term SNKPH
655 #7 - INDEX TERM--GENRE/FORM
Genre/form data or focus term biografické romány
Source of term SNKPH
655 #7 - INDEX TERM--GENRE/FORM
Genre/form data or focus term publikácie pre mládež
Source of term SNKPH
830 #0 - SERIES ADDED ENTRY--UNIFORM TITLE
Uniform title Pôvodná próza
910 ## - USER-OPTION DATA (OCLC)
User-option data snk
942 ## - ADDED ENTRY ELEMENTS (KOHA)
Source of classification or shelving scheme Dewey Decimal Classification
Koha item type Krásna literatúra pre dospelých
Suppress in OPAC No
949 ## - LOCAL PROCESSING INFORMATION (OCLC)
6 2889402694
a savukM 1108
949 ## - LOCAL PROCESSING INFORMATION (OCLC)
6 273K0404865
a svkpoA 34763
b svkpo81880
949 ## - LOCAL PROCESSING INFORMATION (OCLC)
6 17A0698249
a snkSD 20016
b snkKSP 2544/61
s 6100:20161017
949 ## - LOCAL PROCESSING INFORMATION (OCLC)
6 0133017644
a snmk
b snmk17644
949 ## - LOCAL PROCESSING INFORMATION (OCLC)
a snkSD 20016 D1
Holdings
Stav vyradenia Strata Poškodenie Spôsob nadobudnutia Domovská knižnica Aktuálna knižnica Dátum nadobudnutia Total checkouts Čiarový kód exemplára Date last seen Typ exemplára
      Dar Obecná knižnica Horná Štubňa Obecná knižnica Horná Štubňa 23.06.2026   4736204009 23.06.2026 Krásna literatúra pre dospelých
Projekt je podporený Slovenskou asociáciou knižníc
Prevádzkuje Turčianska knižnica Martin 2026